ბათუმის შოთა რუსთაველის სახელმწიფო უნივერსიტეტის ბიბლიოთეკა

მსხვილი რქოსანი საქონელი. (ბიბ.ჩანაწერი № 45013)

000 -LEADER
fixed length control field 01249nam a2200217Ia 4500
001 - CONTROL NUMBER
control field 11834
003 - CONTROL NUMBER IDENTIFIER
control field GE_BSU
008 - FIXED-LENGTH DATA ELEMENTS--GENERAL INFORMATION
fixed length control field 181216s||||||||xx |||||||||||||| ||und||
040 ## - CATALOGING SOURCE
Transcribing agency GE_BSU
080 ## - UNIVERSAL DECIMAL CLASSIFICATION NUMBER
Universal Decimal Classification number 636.2(075.32)
245 ## - TITLE STATEMENT
Title მსხვილი რქოსანი საქონელი.
245 ## - TITLE STATEMENT
Remainder of title სოფლის მეურნ. დამხმ.სახ–ლო 2 თანრიგის ოსტატთა მოსაპოვებლად. სამწლიანი აგროზოოტექნიკური კურსები. სწავლების მეორე წელი
245 ## - TITLE STATEMENT
Statement of responsibility, etc. რედ. ე.ა.ნოვიკოვი. რედ. პ. გეგენავა
260 ## - PUBLICATION, DISTRIBUTION, ETC.
Place of publication, distribution, etc. თბილისი
260 ## - PUBLICATION, DISTRIBUTION, ETC.
Name of publisher, distributor, etc. სახელგამი
260 ## - PUBLICATION, DISTRIBUTION, ETC.
Date of publication, distribution, etc. 1953
300 ## - PHYSICAL DESCRIPTION
Extent 293გვ.23ს.ილ.ცხრ.
653 ## - INDEX TERM--UNCONTROLLED
Uncontrolled term მსხვილი რქოსანი საქონელი.
653 ## - INDEX TERM--UNCONTROLLED
Uncontrolled term სოფლის მეურნ. დამხმ.სახ–ლო 2 თანრიგის ოსტატთა მოსაპოვებლად. სამწლიანი აგროზოოტექნიკური კურსები.
942 ## - ADDED ENTRY ELEMENTS (KOHA)
Koha item type წიგნი
ეგზემპლარები
Withdrawn status Lost status Damaged status Not for loan Date acquired Barcode Date last seen Price effective from Koha item type
        2018-12-17 20351 2018-12-17 2018-12-17 წიგნი
        2018-12-17 20352 2018-12-17 2018-12-17 წიგნი